000 00680nam a2200229Ia 4500
003 OSt
005 20220926025010.0
006 a|||||r|||| 00| 0
007 ta
008 220923b |||||||| |||| 00| 0 eng d
037 _cGeneral Book
040 _aRTL
_cRTL
_beng
041 _2eng
_aeng
082 _aX:8:(B2893), M3
100 _aFord J. L.
_9125976
245 0 _aChoice, expectation and uncertainty
_b An appraisal
260 _aOxford
_bMartin Robertson U. K.
_c1983
300 _axiii, 210p. Bibliography p.204-08
_ccm.
650 _aOperational Management
942 _hX:8:(B2893), M3
_cGB
_2CC
999 _c646102
_d646102